| 000 | 00423nam a22001697a 4500 | ||
|---|---|---|---|
| 005 | 20251108175529.0 | ||
| 008 | 250721s2001 xx 000 0 eng d | ||
| 082 | 1 | 4 | _aJ/F/BOH |
| 100 | 1 | _abohdal, susi | |
| 245 | 1 | 0 | _atiger baby / |
| 264 | 1 |
_anew york : _bnorth-south books, _c2001. |
|
| 300 | _a[26P.] | ||
| 650 | 1 | 7 | _aFiction |
| 653 | _aناشئون صغار (10-14) سنة | ||
| 942 |
_2ddc _cBK |
||
| 999 |
_c136303 _d136303 |
||